000 00435nam a2200157Ia 4500
999 _c2252
_d2252
020 _a81-224-1139-6
082 _a923.354 PAR-M
100 _aParthasarathi, G.
245 0 _aMan and his work: a volume in memory of G. Parthasarathi
260 _aNew Delhi
_bNew Age International
_c1998
300 _a385p.
650 _aPoliticians - India
650 _aParthasarathi, G. - Biography
700 _aPrasad, H.Y. Sharada
942 _cBK